000
00251nam a2200121Ia 4500
100
_a
Cain/ N.W&cain /T
942
_c
RB
654
_a
Computer
245
_a
Hard Disk Management
260
_b
Brady
_a
London
_c
1990
546
_a
ENGLISH
999
_c
21332
_d
21332